00451nam a2200181Ia 4500008004100000020001400041050001400055100002500069245002300094245005300117260001500170260001600185260000900201300001400210300002700224300001000251500000800261170918s9999 xx 000 0 und d a590441892 bS229 1989 aSan Souci, Robert D. 4aThe talking eggs / cRobert D. San Souci ; pictures by Jerry Pinkney. aNew York : bScholastic, c1989 aunpaged : bcolored illustration ; c23cm. a940